[Event "VL2 1996/97"]
[Site "masterchessopen.com - NRW (Germany)"]
[Round "0"]
[White "Walbaum Klaus (GER)"]
[Black "Voss Hubert (GER)"]
[Result "0-1"]
[WhiteElo "2157"]
[BlackElo "2213"]

1.d4 Nf6 2.c4 e6 3.Nc3 c5 4.d5 exd5 5.cxd5 d6 6.Nf3 g6 7.g3 Bg7 8.Bg2 O-O
9.O-O a6 10.a4 Re8 11.Nd2 Nbd7 12.Nc4 Ne5 13.Qb3 Nxc4 14.Qxc4 b5 15.Qd3 b4
16.Nd1 a5 17.Ne3 Ba6 18.Qc2 Nd7 19.Rb1 c4 20.h4 Rc8 21.Kh2 f5 22.Bh3 Qf6
23.Re1 c3 24.bxc3 Qxc3 25.Qd1 Qd4 26.Bd2 Nc5 27.Bg2 Re7 28.Kg1 Rce8 29.Nc2 Qc4
30.Be3 Nxa4 31.Nxb4 Nc3 32.Qd3 axb4 33.Qxc4 Bxc4 34.Rxb4 Bxd5 35.Rb6 Bxg2
36.Kxg2 Nd5 {#R} 0-1

[Event "It (open) \"]
[Site "masterchessopen.com - Pardubice (Czech Republic)"]
[Round "8"]
[White "Perov Ilia (RUS)"]
[Black "Kernazhitsky Leonid (UKR)"]
[Result "0-1"]
[WhiteElo "2200"]
[BlackElo "2290"]

1.d4 Nf6 2.c4 g6 3.g3 Bg7 4.Bg2 d6 5.Nf3 O-O 6.O-O c5 7.d5 e6 8.Nc3 exd5
9.cxd5 a6 10.a4 Re8 11.Nd2 Nbd7 12.Nc4 Nb6 13.Na3 Bd7 14.h3 Qc7 15.Re1 Nxa4
16.Nxa4 b5 17.Nxc5 Qxc5 18.Nc2 Rac8 19.Ne3 Ne4 20.Rxa6 Nxg3 21.b4 Qxc1 22.Rxd6
Qc7 23.Ra6 Qf4 24.Ra7 Qd6 25.Qd3 Rc3 26.Qd2 Rcxe3 27.fxe3 Bh6 28.Ra3 Nf5 {#R}
0-1

[Event "Ch USA (w)"]
[Site "masterchessopen.com - Parsippany (USA)"]
[Round "9"]
[White "Burtman Sharon (USA)"]
[Black "Tverskaya Julia (USA)"]
[Result "0-1"]
[WhiteElo "2110"]
[BlackElo "2195"]

1.d4 Nf6 2.c4 e6 3.g3 c5 4.d5 exd5 5.cxd5 d6 6.Nc3 g6 7.Bg2 Bg7 8.Nf3 O-O
9.O-O a6 10.a4 Re8 11.Nd2 Nbd7 12.h3 b6 13.Nc4 Ne5 14.Na3 Rb8 15.e4 Qc7 16.Be3
c4 17.Rb1 Rb7 18.f4 Nd3 19.Qd2 b5 20.axb5 axb5 21.b4 Nh5 22.Kh2 f5 23.g4 fxg4
24.hxg4 Nf6 25.Bf3 Bxg4 26.Ncxb5 Qe7 27.Nxd6 Bxf3 28.Rxf3 Nxe4 29.Nxe4 Qxe4
30.Rh3 Qxd5 31.Qc2 Re4 32.Rd1 Rd7 33.Bf2 Rxf4 34.Bg3 Rd4 35.Bh4 Be5+ 36.Bg3
Bxg3+ 37.Rxg3 Rh4+ {#R} 0-1

[Event "It (sheveningen)"]
[Site "masterchessopen.com - Salonika (Greece)"]
[Round "3"]
[White "Tsorbatzoglou Theodoros (GRE)"]
[Black "Prentos Konstantinos (GRE)"]
[Result "0-1"]
[WhiteElo "2265"]
[BlackElo "2270"]

1.d4 e6 2.c4 c5 3.d5 exd5 4.cxd5 d6 5.Nc3 g6 6.g3 Bg7 7.Bg2 Nf6 8.Nf3 O-O
9.O-O a6 10.a4 Re8 11.Nd2 Nbd7 12.e4 Rb8 13.Nc4 Ne5 14.Na3 Nh5 15.f4 Ng4
16.Bf3 Bd4+ 17.Kg2 Qd7 18.f5 gxf5 19.h3 Nxg3 20.Kxg3 Nf2 21.Qxd4 cxd4 22.Kxf2
Qe7 23.Rg1+ Kh8 24.Ne2 fxe4 25.Bg5 f6 26.Bh6 exf3 27.Nxd4 Bxh3 28.Rg3 Bg2
29.Nac2 Rg8 30.Re1 Qf7 31.Nf5 Qxd5 32.Ncd4 Rxg3 33.Kxg3 Rg8+ 34.Kf2 Qc5 35.Re7
Qb6 36.Rd7 Qxb2+ 37.Kg1 {#R} 0-1

[Event "Ch Poland (team) (disctrict)"]
[Site "masterchessopen.com - Slask (Poland)"]
[Round "0"]
[White "Niwinski Wlodzimierz (POL)"]
[Black "Adamowski Jan (POL)"]
[Result "0-1"]
[WhiteElo "2057"]
[BlackElo "2047"]

1.d4 c5 2.d5 d6 3.c4 g6 4.Nc3 Bg7 5.g3 Nf6 6.Bg2 O-O 7.Nf3 Re8 8.O-O e6 9.Nd2
exd5 10.cxd5 a6 11.a4 Nbd7 12.Nc4 Ne5 13.Na3 Rb8 14.h3 Qc7 15.f4 Ned7 16.e4 c4
17.Qe2 b5 18.axb5 axb5 19.Kh2 b4 20.Ncb5 Qb6 21.Be3 Nc5 22.Nxd6 Qxd6 23.e5 Qe7
24.d6 Qe6 25.Bxc5 bxa3 26.Bxa3 Nd7 27.Qd2 Bb7 28.Rae1 Bxg2 29.Kxg2 Rb3 30.Re3
Rxe3 31.Qxe3 f6 32.g4 fxe5 33.f5 gxf5 34.gxf5 Qf7 35.Bb4 Rb8 36.Bc3 Qd5+
37.Kh2 Qxd6 38.Rg1 Kh8 39.Qg3 Bh6 40.Rg2 Qf6 41.Qg4 Bf4+ 42.Kg1 Ra8 {#R} 0-1

[Event "It (w)"]
[Site "masterchessopen.com - Tapolca (Hungary)"]
[Round "8"]
[White "Meissner Claudia (GER)"]
[Black "Madl Ildiko (HUN)"]
[Result "0-1"]
[WhiteElo "2142"]
[BlackElo "2385"]

1.d4 Nf6 2.c4 c5 3.d5 g6 4.g3 Bg7 5.Bg2 O-O 6.Nc3 d6 7.Nf3 e6 8.O-O exd5
9.cxd5 Re8 10.Nd2 a6 11.a4 Nbd7 12.h3 Nh5 13.Nde4 Qe7 14.g4 Nhf6 15.Ng3 Ne5
16.g5 Nfd7 17.Nge4 Rb8 18.a5 b5 19.Ra2 f5 20.gxf6 Nxf6 21.Bg5 Nf7 22.Nxf6+
Bxf6 23.Bxf6 Qxf6 24.Ne4 Qh4 25.Qd3 Bf5 26.f4 Qe7 27.Nf6+ Qxf6 28.e4 Bd7
29.Qg3 c4 30.h4 Kh8 31.Kh2 Nh6 32.Bf3 b4 33.Qg5 Qxg5 34.hxg5 Ng4+ 35.Kg3 Ne3
36.Rh1 Rbc8 37.Rh6 Nc2 38.b3 cxb3 39.Rb2 Rc3 40.Rb1 Nd4 41.Rbh1 Rxf3+ 42.Kg2
Rh3 {#R} 0-1

[Event "Ch England (team) 1995/96"]
[Site "masterchessopen.com - Ware (England)"]
[Round "8"]
[White "Arkell Keith C (ENG)"]
[Black "Kinsman Andrew P H (ENG)"]
[Result "1-0"]
[WhiteElo "2545"]
[BlackElo "2400"]

1.d4 Nf6 2.Nf3 c5 3.d5 e6 4.c4 exd5 5.cxd5 d6 6.Nc3 g6 7.g3 Bg7 8.Bg2 O-O
9.O-O a6 10.a4 Nbd7 11.Nd2 Re8 12.Nc4 Ne5 13.Nxe5 Rxe5 14.Bf4 Re8 15.Qc2 Nh5
16.Bd2 Rb8 17.Rab1 b5 18.axb5 axb5 19.b4 Bd7 20.Rfc1 Qe7 21.e3 Rec8 22.Rb3 Nf6
23.h3 Be8 24.Rcb1 Nd7 25.Qd1 cxb4 26.Ne2 Nc5 27.Rxb4 Nd3 28.R4b3 Nc5 29.Ra3
Bd7 30.Nd4 Bxd4 31.exd4 Na4 32.Qf3 Bf5 33.Re1 Qd8 34.g4 Bc2 35.Rae3 Qf8 36.Re7
Re8 37.Rxe8 Rxe8 38.Rxe8 Qxe8 39.Qf6 Qf8 40.Bb4 {#r} 1-0

[Event "Ch SJRH (juniors) (under 20)"]
[Site "masterchessopen.com - Worms (Germany)"]
[Round "0"]
[White "Noll Paul"]
[Black "Lindemann Nils (GER)"]
[Result "1-0"]
[WhiteElo "1870"]
[BlackElo "2069"]

1.d4 Nf6 2.c4 c5 3.d5 e6 4.Nc3 exd5 5.cxd5 d6 6.Nf3 g6 7.g3 Bg7 8.Bg2 O-O
9.O-O Nbd7 10.Nd2 a6 11.a4 Re8 12.h3 Nh5 13.Nc4 Ne5 14.Na3 Rb8 15.Kh2 Rf8
16.f4 b5 17.axb5 axb5 18.Naxb5 Nc4 19.Qd3 Nb6 20.Na3 f5 21.Nc4 Nxc4 22.Qxc4
Rb4 23.Qd3 g5 24.e3 Rf6 25.fxg5 Rg6 26.e4 fxe4 27.Bxe4 Rxg5 28.Bxg5 Qxg5
29.Rf2 Nxg3 30.Rg1 Be5 31.Rxg3 Kh8 32.Kg2 Qh6 33.Qf3 {#r} 1-0

[Event "It (open)"]
[Site "masterchessopen.com - Yalta (Ukraine)"]
[Round "8"]
[White "Riazantsev Alexander (RUS)"]
[Black "Hatskevich Oleg (UKR)"]
[Result "0-1"]
[WhiteElo "2350"]
[BlackElo "2241"]

1.d4 Nf6 2.c4 c5 3.d5 g6 4.Nc3 Bg7 5.Nf3 O-O 6.g3 d6 7.Bg2 e6 8.O-O exd5
9.cxd5 a6 10.a4 Re8 11.Nd2 Nbd7 12.Nc4 Nb6 13.Na3 Bd7 14.Qc2 Rb8 15.a5 Nc8
16.Nc4 Qc7 17.Bd2 Na7 18.Rfe1 Nb5 19.e3 Ng4 20.Na4 Bf5 21.Qd1 Ne5 22.Nxe5 Bxe5
23.Rc1 Bg7 24.b4 c4 25.Bf1 c3 26.Bxb5 c2 27.Qf3 axb5 28.Nb6 Bb2 29.e4 Bxc1
30.Bxc1 Qe7 31.Qc3 Qe5 32.Qxe5 Rxe5 33.f3 Rbe8 34.Re2 Bh3 35.Rxc2 f5 36.Rc7
fxe4 37.g4 exf3 38.Nd7 R5e7 39.Bg5 Rf8 40.Kf2 Re2+ 41.Kg3 f2 {#R} 0-1

[Event "It (open)"]
[Site "masterchessopen.com - Andorra"]
[Round "2"]
[White "Cuevas-Rodriguez Ma Luisa (ESP)"]
[Black "Marin Mihail (ROM)"]
[Result "0-1"]
[WhiteElo "2185"]
[BlackElo "2530"]

1.d4 Nf6 2.c4 e6 3.g3 c5 4.d5 exd5 5.cxd5 d6 6.Nc3 g6 7.Bg2 Bg7 8.Nf3 O-O
9.O-O Re8 10.Nd2 a6 11.a4 Nbd7 12.h3 Rb8 13.Nc4 Ne5 14.Na3 Nh5 15.Kh2 f5 16.f4
Nf7 17.Nc4 b6 18.e4 Nf6 19.exf5 gxf5 20.Qc2 Bd7 21.a5 b5 22.Nb6 Nh6 23.Nd1 Re7
24.Nxd7 Qxd7 25.Ra3 Rbe8 26.Bf3 Nfg4+ 27.hxg4 fxg4 28.Bg2 Re2 29.Qb1 Bd4
30.Rd3 Qf5 31.Ne3 Bxe3 32.Bxe3 c4 {#R} 0-1

[Event "Ch Argentina (1/2 final)"]
[Site "masterchessopen.com - Argentina"]
[Round "0"]
[White "Tobares Leandro (ARG)"]
[Black "Rosito Jorge (ARG)"]
[Result "0-1"]
[WhiteElo "2217"]
[BlackElo "2400"]

1.d4 Nf6 2.Nf3 e6 3.c4 c5 4.d5 d6 5.Nc3 exd5 6.cxd5 g6 7.g3 Bg7 8.Bg2 O-O
9.O-O Re8 10.Nd2 a6 11.a4 Nbd7 12.h3 Rb8 13.Nc4 Nb6 14.Na3 Bd7 15.Bf4 Nh5
16.Bd2 Bxc3 17.bxc3 Bxa4 18.Qc1 Rxe2 19.c4 Nd7 20.Bf3 Re5 21.Bc3 Ng7 22.Nb1 b5
23.Bxe5 Nxe5 24.Nd2 Nf5 25.Be2 Nd4 26.Re1 Qg5 27.Kg2 Nxe2 28.Rxe2 Nd3 29.Qc3
Nf4+ 30.Kf1 Nxe2 31.Kxe2 Re8+ 32.Kf1 Qe5 33.Qc1 Qf5 {#R} 0-1

[Event "It (open) (active)"]
[Site "masterchessopen.com - Bastia (France)"]
[Round "1"]
[White "Tregubov Pavel V (RUS)"]
[Black "Birens Eric-Andre (FRA)"]
[Result "1-0"]
[WhiteElo "2550"]
[BlackElo "1969"]

1.d4 Nf6 2.c4 c5 3.d5 g6 4.Nc3 Bg7 5.Nf3 O-O 6.g3 d6 7.Bg2 e6 8.O-O exd5
9.cxd5 a6 10.a4 Re8 11.Nd2 Nbd7 12.Qb3 Ne5 13.h3 Qc7 14.f4 Nh5 15.fxe5 Nxg3
16.Rf2 Bxe5 17.Nce4 Qe7 18.Nxg3 Bd4 19.Nde4 Bxf2+ 20.Kxf2 f6 21.Bf4 Rd8 22.Qc3
Kg7 23.Rf1 h6 24.Kg1 g5 25.Nxg5 hxg5 26.Bxg5 Qe8 {#r} 1-0

[Event "Ch Denmark (team) 1996/97"]
[Site "masterchessopen.com - Denmark"]
[Round "5"]
[White "Bekker-Jensen David (DEN)"]
[Black "Larsen Steen Skovlund (DEN)"]
[Result "1-0"]
[WhiteElo "2180"]
[BlackElo "2320"]

1.d4 Nf6 2.c4 c5 3.d5 e6 4.Nc3 exd5 5.cxd5 d6 6.Nf3 g6 7.g3 Bg7 8.Bg2 O-O
9.O-O a6 10.a4 Re8 11.Nd2 Nbd7 12.Nc4 Nb6 13.Na3 Bd7 14.Bd2 Ng4 15.Rb1 Qc7
16.h3 Ne5 17.b3 f5 18.f4 Nf7 19.Kh2 Re7 20.Qc2 Rae8 21.Bf3 Nc8 22.b4 c4 23.Qa2
Nb6 24.a5 Na4 25.Rbc1 Bxc3 26.Bxc3 b5 27.axb6 Qxb6 28.Bf6 c3 29.Nb1 Re3
30.Nxc3 Nxc3 31.Bxc3 Bb5 32.Rc2 h5 33.Ba1 Kh7 34.Qb2 Rg8 35.Qf6 Qb7 36.Rfc1
Re7 37.Bd4 Nh6 38.Qxd6 h4 39.Rc7 hxg3+ 40.Kg2 {#r} 1-0

[Event "Ch France (team) 1996/97"]
[Site "masterchessopen.com - France"]
[Round "6"]
[White "Mensch Etienne (FRA)"]
[Black "Bouhallel Rabah (FRA)"]
[Result "1-0"]
[WhiteElo "2230"]
[BlackElo "2255"]

1.d4 Nf6 2.c4 c5 3.d5 d6 4.Nc3 g6 5.g3 Bg7 6.Bg2 O-O 7.Nf3 e6 8.O-O exd5
9.cxd5 Re8 10.Nd2 Nbd7 11.a4 a6 12.h3 Rb8 13.Nc4 Nb6 14.Na3 Bd7 15.a5 Nc8
16.Nc4 Bb5 17.Qb3 Bxc4 18.Qxc4 Nd7 19.Ne4 h6 20.Qc2 Qe7 21.Re1 Na7 22.Nc3 Qd8
23.e4 b5 24.axb6 Rxb6 25.Ra2 Nb5 26.Nxb5 axb5 27.Bd2 b4 28.b3 Qc7 29.Be3 Rb7
30.Rc1 Kh7 31.f4 Bc3 32.Bf1 Nf6 33.Bf2 Nxe4 34.Kg2 Qe7 35.Bd3 Nf6 36.Bc4 Ra7
37.Rxa7 Qxa7 38.Qd3 Ne4 39.Rc2 Qa1 40.Re2 Nxf2 {#r} 1-0

[Event "It (w)"]
[Site "masterchessopen.com - Frydek-Mistek (Czech Republic)"]
[Round "0"]
[White "Kiseleva Natalia (UKR)"]
[Black "Radziewicz Iweta (POL)"]
[Result "0-1"]
[WhiteElo "2335"]
[BlackElo "2220"]

1.d4 Nf6 2.c4 e6 3.g3 c5 4.d5 exd5 5.cxd5 d6 6.Nc3 g6 7.Bg2 Bg7 8.Nf3 O-O
9.O-O Re8 10.Nd2 a6 11.a4 Nbd7 12.Qb3 Ne5 13.h3 Nh5 14.Kh2 g5 15.Nf3 g4
16.Nxe5 Bxe5 17.Ne4 gxh3 18.Bf3 Bf5 19.Ng5 Bg6 20.a5 Rb8 21.Ra4 Ng7 22.e4 Re7
23.Nxh3 b5 24.axb6 Rxb6 25.Qa2 Qc8 26.Re1 Ne8 27.Nf4 Nc7 28.Nd3 Bg7 29.Bg5 Re8
30.Ra1 Nb5 31.Rxa6 Nd4 32.Bg2 Rxa6 33.Qxa6 Qg4 34.Bh4 Nf3+ 35.Bxf3 Qxf3 36.Qc6
Rf8 {#R} 0-1

[Event "It (open)"]
[Site "masterchessopen.com - Hallstahammar (Sweden)"]
[Round "4"]
[White "Lonngren Tobias (SWE)"]
[Black "Eriksson Ingela S (AUS)"]
[Result "0-1"]
[WhiteElo "2061"]
[BlackElo "2106"]

1.d4 Nf6 2.c4 c5 3.d5 e6 4.Nc3 exd5 5.cxd5 d6 6.g3 g6 7.Bg2 Bg7 8.Nf3 O-O
9.O-O a6 10.a4 Re8 11.Nd2 Nbd7 12.Nc4 Nb6 13.Na3 Bd7 14.Qb3 Rb8 15.Bf4 Qc7
16.a5 Nc8 17.Nc4 Nh5 18.Bd2 b5 19.axb6 Nxb6 20.Nxb6 Rxb6 21.Qc2 Reb8 22.Ra2
Qb7 23.Rb1 Nf6 24.e4 Ng4 25.Bf1 Bd4 26.Nd1 Bb5 27.h3 Bxf1 28.Kxf1 Ne5 29.Be3
Nf3 30.Kg2 Ne1+ {#R} 0-1

[Event "It (open)"]
[Site "masterchessopen.com - Hoogeveen (Netherlands)"]
[Round "8"]
[White "De Boer Sybolt (NED)"]
[Black "Vogel Jaap (NED)"]
[Result "1-0"]
[WhiteElo "2290"]
[BlackElo "2285"]

1.c4 e6 2.d4 Nf6 3.g3 c5 4.d5 exd5 5.cxd5 d6 6.Bg2 g6 7.Nf3 Bg7 8.Nc3 O-O
9.O-O a6 10.a4 Re8 11.Nd2 Nbd7 12.Nc4 Nb6 13.Na3 Bd7 14.h3 Qc7 15.e4 Nxa4
16.Nxa4 Nxe4 17.Qc2 Nf6 18.Nc3 Bf5 19.Qd1 b5 20.g4 Bd7 21.Ne2 Ne4 22.f3 Nf6
23.Ng3 c4 24.f4 c3 25.b4 a5 26.bxa5 b4 27.g5 Rxa5 28.gxf6 Bxf6 29.f5 Bg7 30.f6
Bf8 31.Kh1 bxa3 32.Rxa3 Rxa3 33.Bxa3 Re3 34.Kh2 c2 35.Qa1 Bb5 36.Re1 Rb3
37.Bc1 h5 38.Qa8 Bd7 39.Re7 h4 40.Ne4 Rb1 41.Rxd7 Qb6 42.Rd8 {#r} 1-0

[Event "It (open)"]
[Site "masterchessopen.com - Kastel Stari (Croatia)"]
[Round "9"]
[White "Cebalo Miso (CRO)"]
[Black "Kutuzovic Branko (CRO)"]
[Result "1-0"]
[WhiteElo "2485"]
[BlackElo "2420"]

1.d4 Nf6 2.Nf3 e6 3.c4 c5 4.d5 exd5 5.cxd5 d6 6.Nc3 g6 7.g3 Bg7 8.Bg2 O-O
9.O-O Re8 10.Nd2 a6 11.a4 Nbd7 12.h3 Nh5 13.a5 Ne5 14.f4 Nxg3 15.fxe5 Nxf1
16.Qxf1 Rxe5 17.Nc4 Rf5 18.Qe1 Rh5 19.Qg3 Bd4+ 20.Kh2 Qe7 21.e4 Bxc3 22.bxc3
Bxh3 23.Bxh3 Qxe4 24.Ne3 Re8 25.Ng2 Rxd5 26.Bf4 Qc2 27.Rc1 Qb2 28.Qf3 Qb3
29.Rf1 Qc4 30.Bh6 f5 31.Nf4 Rd2+ 32.Bg2 Qf7 33.Rf2 Rxf2 34.Qxf2 Re5 35.Qh4 Qe7
36.Bd5+ Kh8 {#r} 1-0

[Event "Ch Russia (1/2 final)"]
[Site "masterchessopen.com - Krasnodar (Russia)"]
[Round "0"]
[White "Ivlev Valentin (RUS)"]
[Black "Garakjan Artur (RUS)"]
[Result "0-1"]
[WhiteElo "2192"]
[BlackElo "2262"]

1.d4 Nf6 2.c4 e6 3.g3 c5 4.d5 exd5 5.cxd5 d6 6.Nc3 g6 7.Bg2 Bg7 8.Nf3 O-O
9.O-O a6 10.a4 Re8 11.Nd2 Nbd7 12.Nc4 Ne5 13.Na3 Nh5 14.e4 Rb8 15.h3 Rf8 16.f4
Nxg3 17.fxe5 Nxf1 18.exd6 Ng3 19.Bf4 Bd4+ 20.Kh2 Nh5 21.Qf3 Nxf4 {#R} 0-1

[Event "It (open)"]
[Site "masterchessopen.com - Las Vegas (USA)"]
[Round "2"]
[White "Burtman Sharon (USA)"]
[Black "Chase Christopher (USA)"]
[Result "0-1"]
[WhiteElo "2060"]
[BlackElo "2325"]

1.d4 Nf6 2.c4 c5 3.d5 e6 4.Nc3 exd5 5.cxd5 d6 6.g3 g6 7.Bg2 Bg7 8.Nf3 O-O
9.O-O Re8 10.Nd2 a6 11.a4 Nbd7 12.Nc4 Nb6 13.Na3 Bd7 14.h3 Rb8 15.Bf4 Qc7
16.a5 Nc8 17.Nc4 Bb5 18.Na3 Na7 19.Re1 Nh5 20.Bd2 b6 21.axb6 Qxb6 22.Rb1 Qc7
23.Ncxb5 Nxb5 24.Nc4 Nf6 25.e4 Nd7 26.Qa4 Nb6 27.Nxb6 Qxb6 28.Bf1 Qb7 29.Bc4
Qd7 30.Kg2 f5 31.f3 fxe4 32.fxe4 Qe7 33.Bf4 g5 34.Qxa6 gxf4 35.Bxb5 Qg5 36.g4
Qh4 37.Be2 Qg3+ 38.Kf1 Qxh3+ 39.Kg1 Bd4# 0-1

[Event "It (open)"]
[Site "masterchessopen.com - Le Touquet (France)"]
[Round "0"]
[White "Gervasio Ricardo (BRA)"]
[Black "Schuermans Robert (BEL)"]
[Result "1-0"]
[WhiteElo "2325"]
[BlackElo "2139"]

1.d4 Nf6 2.c4 c5 3.d5 e6 4.Nc3 exd5 5.cxd5 d6 6.g3 g6 7.Bg2 Bg7 8.Nf3 O-O
9.O-O Re8 10.Nd2 Nbd7 11.a4 a6 12.a5 b5 13.axb6 Nxb6 14.Nb3 Bd7 15.Na5 Bb5
16.Bf4 Qd7 17.Nc6 Nh5 18.Bc1 Bxc3 19.bxc3 Bxe2 20.Qb3 Bxf1 21.Bxf1 Re1 22.Bb2
Rae8 23.Rxe1 Rxe1 24.Qxb6 Qh3 25.Qd8+ Kg7 26.c4+ Kh6 27.Qf8+ Kg5 28.Qe7+ Rxe7
29.Bxh3 Re1+ 30.Bf1 Nf6 31.h4+ Kf5 32.Bc3 Rd1 33.Ne7+ {#r} 1-0

[Event "Ch Yugoslavia (team) (play-off)"]
[Site "masterchessopen.com - Niksic (Yugoslavia)"]
[Round "0"]
[White "Ilincic Zlatko (SRB)"]
[Black "Petronic Jovan (SRB)"]
[Result "1-0"]
[WhiteElo "2545"]
[BlackElo "2490"]

1.d4 Nf6 2.c4 c5 3.d5 e6 4.Nc3 exd5 5.cxd5 d6 6.g3 g6 7.Bg2 Bg7 8.Nf3 O-O
9.O-O a6 10.a4 Nbd7 11.Nd2 Re8 12.a5 b5 13.axb6 Nxb6 14.e4 Rb8 15.Qc2 Re7
16.b3 Ne8 17.Bb2 Nc7 18.Rfe1 Bb7 19.Nc4 Nxc4 20.bxc4 Bc8 21.Nd1 Ne8 22.Bxg7
Kxg7 23.f4 f6 24.Nf2 Rb6 25.Nd3 Reb7 26.h3 a5 27.Rxa5 Rb2 28.Nxb2 Qxa5 29.Nd3
Bd7 30.Rc1 Qa3 31.Bf1 Ba4 32.Qd2 Bd7 33.g4 h6 34.e5 Rb3 35.Qe3 Rc3 36.exf6+
Nxf6 37.Qe7+ Kg8 38.Qxf6 Rxd3 39.Ra1 Rg3+ 40.Kh1 Qe3 {#r} 1-0

[Event "Ch Yugoslavia (open)"]
[Site "masterchessopen.com - Nis (Yugoslavia)"]
[Round "3"]
[White "Djonovic Milorad (MNE)"]
[Black "Djoric Vojislav (SRB)"]
[Result "0-1"]
[WhiteElo "2087"]
[BlackElo "2088"]

1.d4 Nf6 2.c4 c5 3.d5 d6 4.Nc3 g6 5.g3 Bg7 6.Bg2 O-O 7.Nf3 e6 8.O-O exd5
9.cxd5 a6 10.a4 Re8 11.Nd2 Nbd7 12.h3 Rb8 13.Nc4 Ne5 14.Na3 Nh5 15.Kh2 Bd7
16.f4 b5 17.axb5 axb5 18.Ne4 b4 19.Nxd6 bxa3 20.Rxa3 Ba4 21.Qxa4 Qxd6 22.fxe5
Bxe5 23.Bf4 Bxf4 24.gxf4 Rxe2 25.Qc6 Rbxb2 {#R} 0-1

[Event "It (open) \"]
[Site "masterchessopen.com - Pardubice (Czech Republic)"]
[Round "1"]
[White "Hudecek Jan (CZE)"]
[Black "Stocek Jiri (CZE)"]
[Result "0-1"]
[WhiteElo "2275"]
[BlackElo "2470"]

1.d4 Nf6 2.c4 e6 3.g3 c5 4.d5 exd5 5.cxd5 d6 6.Nc3 g6 7.Bg2 Bg7 8.Nf3 O-O
9.O-O Re8 10.Nd2 a6 11.a4 Nbd7 12.h3 Rb8 13.Nc4 Nb6 14.Na3 Bd7 15.a5 Nc8
16.Nc4 Bb5 17.Qb3 Bxc4 18.Qxc4 Nd7 19.e4 b5 20.axb6 Ncxb6 21.Qe2 a5 22.Rd1 Ne5
23.Rxa5 Nbc4 24.Ra4 Na5 25.f4 Nd7 26.Nb5 Bf8 27.Bd2 Nb3 28.Bc3 Qb6 29.Na7 Ra8
30.Qa6 Bg7 31.e5 dxe5 32.d6 e4 33.Qxb6 Nxb6 34.Ra6 Nd4 35.Rxb6 Rxa7 36.Re1 f5
37.Bxd4 cxd4 38.Bf1 d3 39.Rb3 Rd8 {#R} 0-1

[Event "Memorial M.Chigorin"]
[Site "masterchessopen.com - St. Petersburg (Russia)"]
[Round "3"]
[White "Karasik Mikhail (RUS)"]
[Black "Khamidulin Viacheslav (RUS)"]
[Result "0-1"]
[WhiteElo "2167"]
[BlackElo "2315"]

1.d4 Nf6 2.c4 c5 3.d5 e6 4.Nc3 exd5 5.cxd5 d6 6.Nf3 g6 7.g3 Bg7 8.Bg2 O-O
9.O-O Re8 10.Nd2 a6 11.a4 Nbd7 12.a5 b5 13.axb6 Nxb6 14.Re1 Nfd7 15.Nde4 Qc7
16.Nb5 axb5 17.Rxa8 Nxa8 18.f4 Nab6 19.Nf2 Nc4 20.Qb3 Qa5 21.Kf1 Bxb2 {#R} 0-1

[Event "Cup Rilton"]
[Site "masterchessopen.com - Stockholm (Sweden)"]
[Round "1"]
[White "Eriksson Lennarth (SWE)"]
[Black "Sanden Stefan (SWE)"]
[Result "0-1"]
[WhiteElo "2038"]
[BlackElo "2330"]

1.d4 Nf6 2.c4 e6 3.g3 c5 4.d5 exd5 5.cxd5 d6 6.Nc3 g6 7.Bg2 Bg7 8.Nf3 O-O
9.O-O Re8 10.Nd2 a6 11.a4 Nbd7 12.Ra3 Rb8 13.a5 b5 14.axb6 Nxb6 15.e4 Ng4
16.Re1 Qc7 17.Nf3 Ne5 18.Nxe5 Bxe5 19.Bf1 c4 20.f4 Bg7 21.Qf3 f5 22.Ra2 Bb7
23.Qf2 fxe4 24.Be3 Nxd5 25.Nxd5 Bxd5 26.Qd2 Bb7 {#R} 0-1

[Event "It \"]
[Site "masterchessopen.com - Debrecen (Hungary)"]
[Round "5"]
[White "Hegedus Gyorgy (HUN)"]
[Black "Demeter Vilmos (HUN)"]
[Result "1-0"]
[WhiteElo "2101"]
[BlackElo "1862"]

1.d4 Nf6 2.Nf3 e6 3.c4 c5 4.d5 exd5 5.cxd5 d6 6.Nc3 g6 7.g3 Bg7 8.Bg2 O-O
9.O-O Re8 10.Nd2 a6 11.a4 Nbd7 12.h3 Nh5 13.Nde4 Ndf6 14.Nd2 Nd7 15.e4 Bd4
16.Kh2 Ng7 17.Nf3 Bf6 18.Bf4 Ne5 19.Nd2 Bd7 20.Bxe5 Bxe5 21.f4 Bf6 22.Nc4 Qc7
23.Re1 Be7 24.e5 b5 25.axb5 axb5 26.Rxa8 Rxa8 27.exd6 Bxd6 28.Nxd6 Qxd6 29.Ne4
Qb6 30.d6 Rd8 31.Qd2 b4 32.Nf6+ Kh8 33.Rd1 Bc6 34.b3 Bxg2 35.Qxg2 Nf5 36.Qd5
c4 37.Ne4 Rxd6 38.Qxf7 Rd8 39.Rd5 Ne7 40.Qxe7 {#r} 1-0

[Event "It (open) \"]
[Site "masterchessopen.com - Berlin (Germany)"]
[Round "5"]
[White "Ackermann D (GER)"]
[Black "Brustkern Juergen (GER)"]
[Result "0-1"]
[WhiteElo "2099"]
[BlackElo "2255"]

1.d4 Nf6 2.c4 e6 3.g3 c5 4.d5 exd5 5.cxd5 d6 6.Nc3 g6 7.Bg2 Bg7 8.Nf3 O-O
9.O-O a6 10.a4 Re8 11.Nd2 Nbd7 12.Nc4 Nb6 13.Na3 Bd7 14.e4 Qc7 15.h3 Nxa4
16.Nxa4 b5 17.Nxc5 Qxc5 18.Be3 Qc8 19.Rc1 Qd8 20.Bg5 h6 21.Bxf6 Qxf6 22.b3
Rac8 23.Qd2 Qb2 24.Qxb2 Bxb2 25.Rxc8 Rxc8 26.Nb1 a5 27.Nd2 a4 28.bxa4 bxa4
29.Rb1 a3 30.Nb3 Rb8 31.Nc1 Ba4 {#R} 0-1

[Event "It (open)"]
[Site "masterchessopen.com - Boblingen (Germany)"]
[Round "0"]
[White "Duppel Matthias (GER)"]
[Black "Kekelidze Mikheil (GEO)"]
[Result "0-1"]
[WhiteElo "2310"]
[BlackElo "2455"]

1.d4 Nf6 2.c4 e6 3.Nc3 c5 4.d5 exd5 5.cxd5 d6 6.Nf3 g6 7.g3 Bg7 8.Bg2 O-O
9.O-O Re8 10.Nd2 Nbd7 11.a4 a6 12.Nc4 Ne5 13.Ne3 Nfg4 14.Nc2 f5 15.h3 Nf6
16.Na3 Bd7 17.Rb1 Rb8 18.b4 b5 19.axb5 axb5 20.Qb3 Nf7 21.Bd2 c4 22.Qd1 h5
23.h4 Ng4 24.e3 Nfe5 25.Nc2 Nd3 26.Ne2 f4 27.Nxf4 Nxf4 28.exf4 Bf5 29.Re1 Qb6
30.Be3 Qa6 31.Nd4 Nxe3 32.fxe3 Bxb1 33.Qxb1 Bxd4 34.Qxg6+ Bg7 35.Bh3 Rbc8
36.Be6+ Rxe6 37.Qxe6+ Kh8 38.Qf5 c3 39.Qxh5+ Kg8 40.f5 c2 41.Kh2 Qa3 {#R} 0-1

[Event "It (b)"]
[Site "masterchessopen.com - Bucharest (Romania)"]
[Round "0"]
[White "Mateuta Gabriel (ROM)"]
[Black "Bagonyai Attila (HUN)"]
[Result "1-0"]
[WhiteElo "2390"]
[BlackElo "2343"]

1.d4 Nf6 2.Nf3 e6 3.c4 c5 4.d5 exd5 5.cxd5 d6 6.g3 g6 7.Bg2 Bg7 8.Nc3 O-O
9.O-O Re8 10.Nd2 Nbd7 11.a4 a6 12.h3 Rb8 13.Nc4 Ne5 14.Na3 Nh5 15.Kh2 Bd7
16.Ne4 Bf5 17.Nc3 Bd7 18.f4 b5 19.Ne4 b4 20.fxe5 bxa3 21.e6 fxe6 22.Rxa3 exd5
23.Ng5 Bf6 24.Qxd5+ {#r} 1-0

[Event "Cup Kettler"]
[Site "masterchessopen.com - Ceska Trebova (Czech Republic)"]
[Round "4"]
[White "Seirawan Yasser (USA)"]
[Black "Hracek Zbynek (CZE)"]
[Result "0-1"]
[WhiteElo "2630"]
[BlackElo "2615"]

1.d4 Nf6 2.c4 e6 3.Nf3 c5 4.d5 exd5 5.cxd5 d6 6.Nc3 g6 7.g3 Bg7 8.Bg2 O-O
9.O-O Re8 10.Nd2 a6 11.a4 Nbd7 12.h3 Nh5 13.e4 Ne5 14.Kh2 f5 15.exf5 Bxf5
16.Nde4 Nf6 17.Ng5 Rb8 18.f4 Nf7 19.g4 Bd7 20.Nxf7 Kxf7 21.f5 h6 22.fxg6+ Kg8
23.Bf4 b5 24.Bxd6 Bxg4 25.hxg4 Qxd6+ 26.Kh3 b4 27.Rxf6 Qxf6 28.Ne4 Qxb2 29.Rb1
Qd4 30.Qe2 b3 31.Rd1 b2 32.Rxd4 cxd4 33.g5 b1=Q 34.gxh6 Rb3+ 35.Kg4 Re3 {#R}
0-1